Statistics for All Municipalities of Nunavut

Click here to take the quiz!

General Stats

  • This quiz has been taken 21 times
  • The average score is 11 of 25

Answer Stats

MunicipalityPopulationLocation% Correct
Iqaluit7,429Baffin Island
92%
Rankin Inlet2,975Mainland
75%
Cambridge Bay1,760Victoria Island
67%
Grise Fiord144Ellesmere Island
67%
Resolute183Cornwallis Island
67%
Pangnirtung1,504Baffin Island
58%
Arctic Bay994Baffin Island
50%
Arviat2,864Mainland
50%
Chesterfield Inlet397Mainland
50%
Coral Harbour1,035Southampton Island
50%
Igloolik2,049Igloolik Island
50%
Pond Inlet1,555Baffin Island
50%
Baker Lake2,061Mainland
42%
Gjoa Haven1,349King William Island
42%
Kugluktuk1,382Mainland
42%
Taloyoak934Mainland
42%
Whale Cove470Mainland
42%
Clyde River1,181Baffin Island
33%
Naujaat1,225Mainland
33%
Sanikiluaq1,010Flaherty Island
33%
Kinngait1,396Dorset Island
25%
Sanirajak891Mainland
25%
Kimmirut426Baffin Island
17%
Kugaaruk1,033Mainland
17%
Qikiqtarjuaq593Broughton Island
8%

Score Distribution

Percentile by Number Answered

Percent of People with Each Score

Your Score History

You have not taken this quiz